Loading...
| Fine Arts - Classical Music | 5 | 12.00 | 100% | 20% | 0% |
| Fine Arts - Other Fine Arts | 3 | 13.33 | 67% | 67% | 0% |
| Fine Arts - Painting & Sculpture | 4 | 10.00 | 75% | 25% | 0% |
| History - American History | 2 | 10.00 | 100% | 0% | 0% |
| History - European History | 2 | 15.00 | 100% | 0% | 50% |
| History - Other History | 5 | 12.00 | 80% | 20% | 20% |
| History - World History | 3 | 16.67 | 100% | 67% | 0% |
| Literature - American Literature | 4 | 7.50 | 75% | 0% | 0% |
| Literature - British Literature | 4 | 7.50 | 75% | 0% | 0% |
| Literature - European Literature | 3 | 0.00 | 0% | 0% | 0% |
| Literature - World Literature | 4 | 12.50 | 100% | 0% | 25% |
| Mythology | 2 | 5.00 | 50% | 0% | 0% |
| Other | 6 | 11.67 | 67% | 33% | 17% |
| Philosophy | 1 | 10.00 | 100% | 0% | 0% |
| Religion | 2 | 15.00 | 100% | 0% | 50% |
| Science - Biology | 5 | 14.00 | 100% | 40% | 0% |
| Science - Chemistry | 2 | 20.00 | 100% | 50% | 50% |
| Science - Other Science | 1 | 10.00 | 100% | 0% | 0% |
| Science - Physics | 3 | 6.67 | 67% | 0% | 0% |
| Social Science | 4 | 12.50 | 100% | 25% | 0% |